• 首页
  • 本馆介绍
  • 公告通知
  • 最新文献
  • 馆藏检索
  • 电子资源
  • 读者导购
  • 参考咨询
  • 我的图书馆
  • 登录
  • 详细信息显示
  • 放入我的书架
  • 预约/预借图书
  • 作者相关作品
  • 分类相关作品
  • 丛书相关作品
  • 出版社相关作品

书目信息

  • 表格格式
  • 工作单格式
  • 卡片格式
题名:
小动作
    
 
作者: 李玥 著
分册:  
出版信息: 沈阳   辽海出版社  2015
页数: 215页
开本: 21cm
丛书名:
单 册:
中图分类: H026.3
科图分类:
主题词: 身势语--shen shi yu--通俗读物
电子资源:
ISBN: 978-7-5451-3208-3
000 00973nam0 22002411 450
001 1730228454
005 20170525101400.0
010    @a978-7-5451-3208-3@dCNY32.00
100    @a20151204d2015 em y0chiy50 ea
101 0  @achi
102    @aCN@b210000
105    @aa z 000yy
106    @ar
200 1  @a小动作@Axiao dong zuo@e心理专家教你破解微反应背后的秘密@f李玥著
210    @a沈阳@c辽海出版社@d2015
215    @a215页@c图@d21cm
330    @a本书从身体小动作、个人小习惯等方面入手,选取了日常生活中最为常见,也是最容易被忽视的微小动作,以科学态度、通俗的语言进行解析,让读者能够了解藏在微动作背后的真相,轻轻松松做到知人知面又知心,掌握人际交往的主控权,少走弯路,迈向成功和幸福。
517 1  @a心理专家教你破解微反应背后的秘密@Axin li zhuan jia jiao ni po jie wei fan ying bei hou de bi mi
606 0  @a身势语@Ashen shi yu@j通俗读物
690    @aH026.3@v5
701  0 @a李玥@Ali yue@4著
801  0 @aCN@bTANGWEI@c20170510
905    @b0967480-3@dH026.3@e216@f4
    
    小动作:心理专家教你破解微反应背后的秘密/李玥著.-沈阳:辽海出版社,2015
    215页:图;21cm
    
    
    ISBN 978-7-5451-3208-3:CNY32.00
    本书从身体小动作、个人小习惯等方面入手,选取了日常生活中最为常见,也是最容易被忽视的微小动作,以科学态度、通俗的语言进行解析,让读者能够了解藏在微动作背后的真相,轻轻松松做到知人知面又知心,掌握人际交往的主控权,少走弯路,迈向成功和幸福。
●
相关链接 在E读中查询图书 在五车中查询图书 在当当中查询图书 在豆瓣中查询图书


正题名:小动作     索取号:H026.3/216         预约/预借

序号 登录号 条形码 馆藏地/架位号 状态 备注
1 0967480   209674805   第二样本阅览室/ [索取号:H026.3/216] 在馆    
2 0967481   209674814   第四借阅区/ [索取号:H026.3/216] 在馆    
3 0967482   209674823   第四借阅区/ [索取号:H026.3/216] 在馆    
4 0967483   209674832   第四借阅区/ [索取号:H026.3/216] 在馆    
唐山师范学院图书馆 欢迎您!
大连网信软件有限公司© 版权所有